Rasa-chanda aura alaṅkāra / (Record no. 76923)
[ view plain ]
| 000 -LEADER | |
|---|---|
| fixed length control field | 00664cam a2200217 a 4500 |
| 001 - CONTROL NUMBER | |
| control field | sa 68000076 |
| 003 - CONTROL NUMBER IDENTIFIER | |
| control field | DLC |
| 005 - DATE AND TIME OF LATEST TRANSACTION | |
| control field | 20260227112420.0 |
| 008 - FIXED-LENGTH DATA ELEMENTS--GENERAL INFORMATION | |
| fixed length control field | 881102s1967 ii b 000 0 hino |
| 010 ## - LIBRARY OF CONGRESS CONTROL NUMBER | |
| LC control number | sa 68000076 |
| 035 ## - SYSTEM CONTROL NUMBER | |
| System control number | (OCoLC)23539347 |
| 040 ## - CATALOGING SOURCE | |
| Original cataloging agency | DLC |
| Transcribing agency | DLC |
| 050 00 - LIBRARY OF CONGRESS CALL NUMBER | |
| Classification number | PK1939 |
| Item number | .S33 1967 |
| 100 1# - MAIN ENTRY--PERSONAL NAME | |
| Personal name | Sarasa, Rāmacandra Śukla. |
| 245 10 - TITLE STATEMENT | |
| Title | Rasa-chanda aura alaṅkāra / |
| Statement of responsibility, etc. | lekhaka Rāmacandra Śukla "Sarasa". |
| 260 ## - PUBLICATION, DISTRIBUTION, ETC. | |
| Place of publication, distribution, etc. | Lakhanaū : |
| Name of publisher, distributor, etc. | Prakāśana Kendra, |
| Date of publication, distribution, etc. | 1967. |
| 300 ## - PHYSICAL DESCRIPTION | |
| Extent | 3, 6, 191 p. ; |
| Dimensions | 18 cm. |
| 504 ## - BIBLIOGRAPHY, ETC. NOTE | |
| Bibliography, etc. note | Includes bibliographical references. |
| 650 #0 - SUBJECT ADDED ENTRY--TOPICAL TERM | |
| Topical term or geographic name entry element | Hindi language |
| General subdivision | Rhetoric. |
| 650 #0 - SUBJECT ADDED ENTRY--TOPICAL TERM | |
| Topical term or geographic name entry element | Hindi language |
| General subdivision | Versification. |
No items available.